<?xml version="1.0" encoding="UTF-8"?><?xml-stylesheet type="text/xsl" href="static/style.xsl"?><OAI-PMH xmlns="http://www.openarchives.org/OAI/2.0/" xmlns:xsi="http://www.w3.org/2001/XMLSchema-instance" xsi:schemaLocation="http://www.openarchives.org/OAI/2.0/ http://www.openarchives.org/OAI/2.0/OAI-PMH.xsd"><responseDate>2026-04-14T03:22:47Z</responseDate><request verb="GetRecord" identifier="oai:www.recercat.cat:10256/11925" metadataPrefix="marc">https://recercat.cat/oai/request</request><GetRecord><record><header><identifier>oai:recercat.cat:10256/11925</identifier><datestamp>2024-06-18T11:11:21Z</datestamp><setSpec>com_2072_452955</setSpec><setSpec>com_2072_2054</setSpec><setSpec>col_2072_452964</setSpec></header><metadata><record xmlns="http://www.loc.gov/MARC21/slim" xmlns:dcterms="http://purl.org/dc/terms/" xmlns:xsi="http://www.w3.org/2001/XMLSchema-instance" xmlns:doc="http://www.lyncode.com/xoai" xsi:schemaLocation="http://www.loc.gov/MARC21/slim http://www.loc.gov/standards/marcxml/schema/MARC21slim.xsd">
   <leader>00925njm 22002777a 4500</leader>
   <datafield ind2=" " ind1=" " tag="042">
      <subfield code="a">dc</subfield>
   </datafield>
   <datafield ind2=" " ind1=" " tag="720">
      <subfield code="a">Boccard, Nicolas</subfield>
      <subfield code="e">author</subfield>
   </datafield>
   <datafield ind2=" " ind1=" " tag="720">
      <subfield code="a">Gautier, Axel</subfield>
      <subfield code="e">author</subfield>
   </datafield>
   <datafield ind2=" " ind1=" " tag="260">
      <subfield code="c">info:eu-repo/date/embargoEnd/2018-04-01</subfield>
   </datafield>
   <datafield ind2=" " ind1=" " tag="260">
      <subfield code="c">2015-04-01</subfield>
   </datafield>
   <datafield ind2=" " ind1=" " tag="520">
      <subfield code="a">In 2003, the Walloon region implemented a tradable green certificate mechanism to support the production of "green" electricity. In this paper, we estimate that the total cost of the mechanism amounted to 1.871 billion for the period 2003-2012, corresponding to a support of 107/MWh produced. There were important differences between production technologies, with solar photovoltaic receiving up to 588/MWh. International comparisons indicate that the Walloon mechanism is particularly generous. We also show that the carbon savings achieved were extremely costly, with an implicit price of avoided CO2 of 425 per ton</subfield>
   </datafield>
   <datafield ind2=" " ind1=" " tag="520">
      <subfield code="a">En 2003, la Wallonie a mis en place un système de certificats verts échangeables pour soutenir la génération d’énergie électrique « verte ». Dans cet article, nous estimons que ce mécanisme de soutien a coûté 1,871 milliard € pour la période 2003-2012, soit un soutien de 107 €/MWh produit, avec de fortes différences entre filières de production, le photovoltaïque recevant jusqu’à 588 €/MWh. Les comparaisons internationales indiquent que le mécanisme wallon est particulièrement généreux. Nous montrons également que les économies induites de carbone sont extrêmement coûteuses avec un prix implicite pour la tonne de CO2 évitée de 425 €</subfield>
   </datafield>
   <datafield ind1="8" ind2=" " tag="024">
      <subfield code="a">http://hdl.handle.net/10256/11925</subfield>
   </datafield>
   <datafield tag="653" ind2=" " ind1=" ">
      <subfield code="a">Energies renovables -- Aspectes econòmics</subfield>
   </datafield>
   <datafield tag="653" ind2=" " ind1=" ">
      <subfield code="a">Renewable energy sources -- Economic aspects</subfield>
   </datafield>
   <datafield ind2="0" ind1="0" tag="245">
      <subfield code="a">The cost of green energy in Wallonia = Le cout de l'énergie verte en Wallonie, 2003-2012</subfield>
   </datafield>
</record></metadata></record></GetRecord></OAI-PMH>